000 02621cam a22006374i 4500
003 PE-LiUPU
005 20250731170439.0
008 150625s r 000 0 d
020 _a8425421616
035 _a(Sirsi) i9788425421617
040 _aPE-LiUPU
_bspa
_cPE-LiUPU
_erda
049 _aPRUA
082 0 4 _a182.09
_bG68
_221
100 1 _aGomperz, Theodor,
_eautor.
245 1 0 _aPensadores Griegos :
_buna historia de la filosofía de la antigüedad. Sócrates y Platón.
_n2 /
_cTheodor Gomperz.
264 1 _aBarcelona :
_bHerder,
_c2000.
300 _a686 páginas :
_bil figuras ;
_c25 centímetros
336 _atext
_2rdacontent
337 _aunmediated
_2rdamedia
338 _avolume
_2rdacarrier
500 _aTrad de la 3a. ed. Alemana.
504 _aIncluye referencias bibliográficas al pié de páginas.
505 0 _aSócrates y los Sócráticos. -Transformaciones de las creencias y costumbres. -Atenas y los atenienses. -Vida y obra de Sócrates. -La doctrina socrática. -El fin de Sócrates. -Platón. -Aprendizaje y viajes de estudios de Platón. -Autenticidad y orden cronológico de los escritos platónicos. -Platón como moralista abstracto.
526 _aSEG68
526 _aSEG70
526 _aSEG69
526 _aSEG67
526 _aSEG43
526 _aP144
526 _aP143
526 _aP131
526 _aP122
526 _aP120
526 _aP117
526 _aP112
526 _aP110
526 _aP106
526 _aP101
526 _aP80
526 _aP59
526 _aP54
526 _aP35
526 _aP33
526 _aP30
541 _g007-0017629;
600 1 _aPlatón.
_dca. 427-347 a. C.
_xEstudio
600 1 _aSócrates.
_dca. 469-399 a. C.
_xEstudio
942 _2ddc
_cBOOK
949 _a182.09 G68 2
_wDEWEY
_c1
_i59234
_d2015-8-19
_e2015-8-18
_lCCODEBUL1
_mBUL
_n1
_r0
_sY
_tBOOK
_u2015-6-25
_xSALUD
_PP35
_0COMPRA
_o.STAFF. Colección General
949 _a182.09 G68 2
_wDEWEY
_c2
_i55915
_d2015-8-19
_e2015-8-18
_lCCODEBUL1
_mBUL
_n1
_p45.00
_r0
_sY
_tBOOK
_u2015-6-25
_xSALUD
_zUNKNOWN
_0COMPRA
_o.STAFF. Colección General
994 _aC0
_bPEPRU
596 _a1
999 _a182.09 G68 2
_wDEWEY
_c44753
_i59234
_d44753
_e2018-8-17
_f2021-11-4
_g5
_lCCODEBUL1
_mBUL
_n2
_q2
_r0
_sY
_tBOOK
_u2015-6-25
_xBIBLIOTECA
_PP35
_0COMPRA
_o.STAFF. Colección General
999 _a182.09 G68 2
_wDEWEY
_c2
_i55915
_d2019-5-15
_e2015-8-18
_f2021-11-4
_g5
_lCCODEBUL1
_mBUL
_n1
_p45.00
_q2
_r0
_sY
_tBOOK
_u2015-6-25
_xBIBLIOTECA
_zUNKNOWN
_0COMPRA
_o.STAFF. Colección General
980 _81
_gALBERTO SANCHEZ Responsable de Automatización